Навечно, без права возврата. Очевидцы и исследователи о немецком спецпоселении в СССР: сборник научных статей

Библиографические подробности
Другие авторы: Герман А. А. (редактор), Силантьева О. Ю.
Примечания:В книге собраны воспоминания очевидцев режима спецпоселения 1941-1956 гг., а также научные статьи, в которых освещаются эти события - одни из самых трагических в истории российских немцев.
Язык:русский
немецкий
Опубликовано: Москва, МСНК-пресс, 2015
Серии:История и этнография российских немцев
Предметы:
Формат: Книга
Запись в KOHA:https://koha.lib.tpu.ru/cgi-bin/koha/opac-detail.pl?biblionumber=318593

MARC

LEADER 00000nam0a2200000 4500
001 318593
005 20231102003107.0
010 |a 9785983551206 
035 |a (RuTPU)RU\TPU\book\344091 
090 |a 318593 
100 |a 20160428d2015 km y0rusy50 ca 
101 0 |a rus  |a ger 
102 |a RU 
105 |a a z 000zy 
200 1 |a Навечно, без права возврата. Очевидцы и исследователи о немецком спецпоселении в СССР  |d Auf Ewig, Ohne Recht Auf Ruckkehr  |e сборник научных статей  |f под ред. А. А. Германа, О. Ю. Силантьевой 
210 |a Москва  |c МСНК-пресс  |d 2015 
215 |a 352 с.  |c ил. 
225 1 |a История и этнография российских немцев 
330 |a В книге собраны воспоминания очевидцев режима спецпоселения 1941-1956 гг., а также научные статьи, в которых освещаются эти события - одни из самых трагических в истории российских немцев. 
510 1 |a Auf Ewig, Ohne Recht Auf Ruckkehr  |z ger  |e Augenzeugen uno Wissenschafiler uber das Sondersiedlungsregime der Deutschen in der Udssr 
606 1 |a Немцы в России  |x История  |2 stltpush  |3 (RuTPU)RU\TPU\subj\67253  |9 83136 
606 1 |a Политические репрессии в СССР  |x История  |z 1945-1991  |2 stltpush  |3 (RuTPU)RU\TPU\subj\66831  |9 82854 
610 1 |a российские немцы 
610 1 |a история 
610 1 |a спецпоселения 
610 1 |a переселенцы 
610 1 |a СССР 
610 1 |a Великая Отечественная война 1941-1945 
610 1 |a послевоенные годы 
610 1 |a дневники 
610 1 |a воспоминания 
610 1 |a Урал 
610 1 |a Сибирь 
686 |a Т3(29=..)  |v LBC/SL-A  |2 rubbk 
686 |a Т3(2)63-3  |v LBC/SL-A  |2 rubbk 
702 1 |a Герман  |b А. А.  |4 340 
702 1 |a Силантьева  |b О. Ю.  |4 340 
801 1 |a RU  |b 63413507  |c 20160428 
801 2 |a RU  |b 63413507  |c 20160510  |g RCR 
942 |c BK